| 000 | 00000nam##2200000za#4500 |
| 001 | 9.541702 |
| 003 | CaOODSP |
| 005 | 20210615085720 |
| 007 | ta |
| 008 | 150406|2005||||xxc||||| f|0| 0 eng|d |
| 020 | |a0-662-69163-6 |
| 040 | |aCaOODSP|beng |
| 041 | |aeng |
| 041 | |afre |
| 043 | |an-cn--- |
| 086 | 1 |aPS3-1/2005-3 |
| 110 | 1 |aCanada. |bPublic Safety and Emergency Preparedness Canada. |
| 245 | 14|aThe national flagging system : |bidentifying and responding to high-risk, violent offenders / |c[by] James Bonta and Annie K. Yessine. |
| 260 | |bPublic Safety and Emergency Preparedness Canada |c2005. |
| 300 | |aiv, 24p. : |breferences, tables ; |c28 cm. |
| 490 | 1 |aCorrections research, user report|v2005-04 |
| 520 | 3 |aThis is part of a series of criminology research papers targeting the justice policy and corrections communities. Papers cover such topics as recidivism rates among sexual offenders, methods of risk assessment for predicting re-offending, how to calculate prison sentences, and trends in public opinion on the administration of justice. Papers include methodology sections and references. |
| 563 | |aSpiral binding |
| 590 | |a05-45|b2005-11-10 |
| 720 | 1 |aBonta, James |
| 720 | 1 |aYessine, Annie K. |
| 776 | 0#|tThe national flagging system : |w(CaOODSP)9.559551 |
| 776 | 0#|tSystème national de repérage : |w(CaOODSP)9.592279 |
| 792 | |tSystème national de repérage : |efre|w(CaOODSP)9.541703 |
| 830 | #0|aCorrections research, user report ;|v2005-04|w(CaOODSP)9.510972 |